01309cam a22003257i 450000100090000000300040000900500170001300800410003001000170007102000290008804000310011705000140014810000270016224501080018926000590029726400060035630000460036233600260040833700280043433800270046249000440048950400510053365000180058470000300060270000840063283000330071694200380074999900190078795201770080618988910OSt20240212105653.0160224s2016 enka b 001 0 eng d a 2015514088 a9781849738132qhardcover aNUSTbengcNUSTerdadNUST00aQA929 DUP eEditorqCamille Duprat00aFluid-structure interactions in low-Reynolds-number flows /cedited by Camille Duprat and Howard Stone. aCambridge, UK :bRoyal Society of Chemistry,c[©2016] 1b, axix, 477 pages :billustrations ;c24 cm. atextbtxt2rdacontent aunmediatedbn2rdamedia avolumebnc2rdacarrier1 aRSC Soft Matter Series,x2048-7681 ;v4 aIncludes bibliographical references and index. 0aViscous flow.1 aDuprat, Camille,eeditor.1 aStone, Howard A.c(Professor of Mechanical and Aerospace Engineering),eeditor. 0aRSC soft matter series ;v4. 2lcccBOOKShQA929 DUPkQAmDUPn0 c170789d170789 r2024-02-22 00:00:00l0oQA929 DUPp92004053274t60900v35.00w2023-09-14yBOOKSzDonation102LCC40708NFIC00aMAINbMAINcGENd2023-09-14eBook Aid Internationalg35.00